Tilastot visalle Arvaa artisti tai biisi sanoitusten perusteella #1

Klikkaa tästä pelataksesi tätä visaa!

Yleistilastot

  • Tätä visaa on pelattu 299 kertaa
  • Keskiarvotulos 6 / 15

Vastaustilastot

LyricsArtisti/biisi% Oikein
Joka ainoa aamu mä seitsemäksi meen / sen kaiken teen mä siksi vain / koska kulta sä jaksat olla mun omanainMatti ja Teppo - mä joka päivä töitä teen
79%
Hän tulee vastaan ei-mitään ilmein / tulee ei-mistään ja päätyy ei-mihinkäänDingo - nahkatakkinen tyttö
63%
Tässä naamassa arpikin kaunistus olisi / ja hampaat voi uusiksi laittaaLeevi and the leavings - Teuvo, maanteiden kuningas
60%
Mun on lyötävä muut / kilpakosijani pyhä puvussaniLauri Tähkä - morsian
59%
Rakkaus tai kuolema / pelkoa ja vainoa / ho ho ho ho hooFrederik - volga
55%
Kolmentähden jallupullon juotuaan / kaksi miestä tutkii muistikirjojaanHector - juodaan viinaa
50%
Nurkan takana vedettiin poskisauhuja / sun broidilta pöllityistä malfeistaKlamydia - pienen pojan elämää
49%
Sinä sanoit menkäämme / maalle meidän landelle / mietin nyt juttu tää onnistuuRauli Badding Somerjoki - paratiisi
49%
Sä etsit vielä tilaisuutta / kaipaat jotain / etsit uuttaMamba - vielä on kesää jäljellä
34%
Mietiskelin aina missä syy on etten jäädä voi / pipo päässä pakkasella kotiin kelpaa hoiperellaFreeman - ajetaan tandemilla
28%
Tahdon ennen kuin on myöhäistä mä / kuulla sen / kun taas saavun / luotas löydän kaiken entisenKirka - hetki lyö
26%
Hän tanssii ripaskaa ja balalaika soi / hänen katseessaan outo tuli salamoiMona Carita - rasputin
24%
Kosketa mua joka paikkaan / katso syvälle silmiiniPelle Miljoona - tahdon rakastella sinua
24%
Jääthän yöksi untani vartioimaan / et pois saa mennä pitkäksi aikaaRessu Redford - kuusi kuuta ja saturnuksen renkaat
15%
Se on kuin nousu auringon / kun annat mulle nautinnonAarne Tenkanen - hemaisevan seksikäs pörröpää
9%

Tulosjakauma

Persentiili vastausten määrän mukaan

Jokaisen tuloksen saaneiden osuus

Tuloshistoriasi

Et ole pelannut tätä visaa